000 00586nam a2200217Ia 4500
003 OSt
005 20221007082830.0
006 a|||||r|||| 00| 0
007 ta
008 221006b |||||||| |||| 00| 0 eng d
024 _a30,259
037 _cDissertations
040 _aFLL
_cFLL
_beng
041 _2eng
_aeng
100 _aPurevsuren Unurmaa
_9699592
245 0 _aReconciliation between freedom of speech and expression and defamation and Mongolia
260 _c2007
300 _a136p
_ccm.
942 _cDIS
_2CC
999 _c1167888
_d1167888